| 000 | 00960nam a2200229Ia 4500 | ||
|---|---|---|---|
| 001 | 937-PAL ma st (18860) | ||
| 003 | IT-MiSPE | ||
| 008 | 171229s9999||||xx |||||||||||||| ||und|| | ||
| 040 |
_aIT-MiSPE _cIT-MiSPE |
||
| 041 | _aITALIANO | ||
| 100 | _aMassimo Pallottino | ||
| 245 | 0 | _aStoria della prima Italia | |
| 250 | _a2a ed. | ||
| 260 |
_aMilano _bRusconi _c1984 |
||
| 300 |
_a256 p. _c22 cm |
||
| 500 | _aItalia - Storia antica | ||
| 501 | _aEdizioni San Paolo srl - Piazza Soncino, 5 - 20092 CINISELLO BALSAMO (MI) (non commercial uses only) ® Copyright 2018 | ||
| 520 | _aTav. | ||
| 942 | _cBK | ||
| 957 | _71 | ||
| 999 |
_a5262 _bNO _g Copie: 1 _c356684 _d356684 |
||